Измерение угла диэлектрических потерь при наличии влияний

ग्रंथसूची विवरण
मुख्य लेखक: Горин Б. Н. Борис Николаевич
अन्य लेखक: Локшин М. В. Меер Вульфович
भाषा:रूसी
प्रकाशित: Москва, Госэнергоиздат, 1959
श्रृंखला:Из опыта советской энергетики
विषय:
स्वरूप: पुस्तक
KOHA link:https://koha.lib.tpu.ru/cgi-bin/koha/opac-detail.pl?biblionumber=71190

MARC

LEADER 00000nam0a2200000 4500
001 71190
005 20231031082422.0
035 |a (RuTPU)RU\TPU\book\75793 
090 |a 71190 
100 |a 20041210d1959 k y0rusy50 ca 
101 0 |a rus 
102 |a RU 
105 |a a z 000zy 
200 1 |a Измерение угла диэлектрических потерь при наличии влияний  |f Б. Н. Горин, М. В. Локшин 
210 |a Москва  |c Госэнергоиздат  |d 1959  |a Ленинград 
215 |a 56 с.  |c схемы 
225 1 |a Из опыта советской энергетики 
610 1 |a электроизоляция 
610 1 |a диэлектрические потери 
610 1 |a измерения 
610 1 |a энергетика 
675 |a 621.315.6  |v 3 
700 1 |a Горин  |b Б. Н.  |g Борис Николаевич 
701 1 |a Локшин  |b М. В.  |g Меер Вульфович 
801 1 |a RU  |b 63413507  |c 20041210  |g PSBO 
801 2 |a RU  |b 63413507  |c 20150420  |g PSBO 
942 |c BK